| 000 | 00825nam a22001937a 4500 | ||
|---|---|---|---|
| 999 |
_c371417 _d371417 |
||
| 008 | 201127b ||||| |||| 00| 0 eng d | ||
| 040 |
_aDE-2950 _bger _cDE-2950 _erda |
||
| 041 | _ager | ||
| 245 |
_aEltern zweifeln am Lollitest. _bCorona: Zur Wirksamkeit der Tests, die Kitakinder nun machen müssen, gibt es Fragen. Eine infizierte Person aus Frankfurt hat die Probe aufs Exempel gemacht - doch die Antwort scheint nicht einfach zu sein / _cLisa Mahlke |
||
| 264 | _c2022 | ||
| 653 | _aFrankfurt (Oder) | ||
| 653 | _aPandemie / Corona | ||
| 653 | _aKindertagesstätten / Kita | ||
| 773 |
_dFrankfurt (Oder) Märkisches Verlags- und Druckhaus GmbH & Co KG _tMärkische Oderzeitung _g33. Jahrgang (2022) Nr. 33 vom 09.02.2022, S. 13 |
||
| 942 | _cA | ||